Statistics for Name the band by lead singer/vocals

Click here to take the quiz!

General Stats

  • This quiz has been taken 32 times
  • The average score is 8 of 11

Answer Stats

Answer% Correct
Queen
100%
Nirvana
93%
The Beatles
93%
Coldplay
86%
The Police
86%
Aerosmith
83%
Bon Jovi
83%
Guns n' Roses
83%
Metallica
76%
My Chemical Romance
28%
Iron Maiden
10%

Score Distribution

Percentile by Number Answered

Percent of People with Each Score

Your Score History

You have not taken this quiz